=LDR 00000nam 2200000 4500 =001 INLIS000000000044472 =005 20131008105920 =008 ***********************************Eng** =035 ##$$0010-101300000002394 =041 ##$$a Eng =082 ##$$a 320.973 =090 ##$$a 320.973 , Ame a =245 ##$$a The American Politic System , Edward S. Greenberg =260 ##$$b Boston =300 ##$$a 457 hlm =850 ##$$a NBPNMAT